000 00384pab a2200169 454500
008 180718b2005 xxu||||| |||| 00| 0 eng d
100 _aSahoo, Ajaya Kumar
245 _aHinduism in the diaspora
260 _c2005
300 _ap.71-82.
362 _aMar
650 _aHinduism
650 _aReligion - India
650 _aReligion
773 _aSocial Change
909 _a68410
999 _c68410
_d68410